'E' Movies by Picture Quiz Stats

 Plays Quiz Updated Jun 20, 2018

Score 0/30 Timer 06:00
3 Plays Today
Grid Location Movie % Correct
2CE.T.: The Extra-Terrestrial
95.4%
1FElf
94%
3FEdward Scissorhands
89.5%
4BThe Exorcist
72.7%
2FThe Empire Strikes Back
68.9%
2BEasy A
68.8%
1DElizabeth
67.1%
3BThe Emperor's New Groove
66.9%
3AElephant Man
59.4%
2AEat Pray Love
57.6%
3CErin Brockovich
56.8%
4AThe Expendables
53.8%
1BEnter the Dragon
50.5%
4FEvita
47.2%
3DEagle Eye
41.9%
Grid Location Movie % Correct
4EEternal Sunshine of the Spotless Mind
41.2%
2DEncino Man
35.6%
4CEscape from New York
35.1%
5BEd Wood
29.4%
3EElection
28.2%
5EEight Men Out
24.6%
1AEnemy at the Gates
21.4%
5CEyes Wide Shut
20.8%
5FEdtv
20.7%
1CEscape from Alcatraz
19.4%
1EEarth Girls are Easy
19.2%
5AEvil Dead
18%
2EEastern Promises
16.4%
5DEverything Must Go
14.8%
4DEvent Horizon
4.4%

You're not logged in!

Compare scores with friends on all Sporcle quizzes.
OR
Log In

You Might Also Like...

Show Comments

Extras

Top Quizzes Today


Score Distribution

Your Account Isn't Verified!

In order to create a playlist on Sporcle, you need to verify the email address you used during registration. Go to your Sporcle Settings to finish the process.

Report this User

Report this user for behavior that violates our Community Guidelines.

Details: